000 01497nab a2200265 4500
003 AR-RoBPED
005 20260514093902.0
008 260514b |||||||| |||| 00| 0 spa d
040 _aAR-RoBPED
041 _aspa
100 1 _aBustamante Salvatierra, Stephanie M.
_930926
_eEstudiante avanzada del profesorado y la licenciatura en Letras
245 1 3 _aUna secuencia didáctica para la escuela secundaria.
_bEscritura de invención y talleres de escritura /
260 _aBuenos Aires :
_bNoveduc,
_c2023
300 _a56-59 p.
500 _aSe comparte una secuencia didáctica que se llevó adelante en una de las clases de la materia Didáctica Especial y Práctica Docente de la carrera del profesorado en Letras, de la Facultad de Humanidades, en la Universidad Nacional de Mar del Plata. Los temas que se abordaron fueron los talleres de escritura y la escritura de invención. La estructura del texto permite al lector visualizar la distribución del tiempo y el empleo de diferentes recursos a lo largo de una clase.
650 7 _aDIDACTICA
_9167
650 7 _aTALLERES - METODO PEDAGOGICO
_917661
650 7 _aESCRITURA
_9114
650 0 _aPROPUESTA DIDÁCTICA
_922005
650 7 _aPRACTICA DOCENTE
_91148
700 1 _aEtchart, Juana
_930927
_eProfesora en Letras
773 0 _020414
_941865
_dBuenos Aires : Noveduc, 1993-
_tNovedades Educativas
_w(AR-RoBPED)20414
_x03283534
942 _2udc
_cREV
_h37(05)
_mNov 86 N° 390 (Sept. 2023)
_ak.32761
945 _amar 05/2026
999 _c32761
_d32761